Cách mạng Tháng Tám - Biểu tượng sức mạnh tổng hợp của mọi tầng lớp nhân dân vì mục tiêu độc lập dân tộc /
Sparad:
| Huvudupphovsman: | |
|---|---|
| Materialtyp: | Artikel |
| Språk: | Vietnamese |
| Ämnen: | |
| Taggar: |
Lägg till en tagg
Inga taggar, Lägg till första taggen!
|
| Thư viện lưu trữ: | Thư viện Trường Đại học Đà Lạt |
|---|
| LEADER | 00939nam a2200289 4500 | ||
|---|---|---|---|
| 001 | DLU090077052 | ||
| 005 | ##20090220 | ||
| 040 | # | # | |a DLU |b vie |
| 041 | # | # | |a vie |
| 044 | # | # | |a vn |
| 100 | # | # | |a Nguyễn Văn Nhật. |
| 245 | # | # | |a Cách mạng Tháng Tám - Biểu tượng sức mạnh tổng hợp của mọi tầng lớp nhân dân vì mục tiêu độc lập dân tộc / |c Nguyễn Văn Nhật. |
| 653 | # | # | |a Độc lập dân tộc |
| 653 | # | # | |a Đoàn kết dân tộc |
| 653 | # | # | |a Giải phóng dân tộc |
| 653 | # | # | |a Tổng khởi nghĩa |
| 653 | # | # | |a Việt Minh |
| 773 | # | # | |t Nghiên cứu lịch sử |g Số 4(311), 2000, tr. 22-29 |
| 920 | # | # | |a Phòng Tạp chí -- Trung tâm Thông tin - Thư viện Trường Đại học Đà Lạt |
| 994 | # | # | |a DLU |
| 900 | # | # | |a True |
| 911 | # | # | |a Phan Thị Mỹ Thảo |
| 925 | # | # | |a G |
| 926 | # | # | |a A |
| 927 | # | # | |a BB |
| 980 | # | # | |a Thư viện Trường Đại học Đà Lạt |